[Event "5. ODEM U25 2008"]
[Site "Willingen GER"]
[Date "2008.05.11"]
[Round "2"]
[White "Huynh, Nhi Lang"]
[Black "Günnigmann, Manuel"]
[Result "1/2-1/2"]
[Termination "normal"]
[Board "7"]
[WhiteElo "1778"]
[BlackElo "2043"]
[PlyCount "89"]
[WhiteFideId "24669180"]
[BlackFideId "24640360"]
[EventCountry "GER"]
[EventRounds "9"]
[EventType "swiss"]
[EventDate "2008.05.10"]

1. d4 Nf6 2. c4 g6 3. Nc3 d5 4. cxd5 Nxd5 5. e4 Nxc3 6. bxc3 Bg7 7. Be3 c5 8.
Bc4 O-O 9. Ne2 Nc6 10. O-O Qc7 11. Bd5 cxd4 12. cxd4 e6 13. Bxc6 Qxc6 14. f3 b6
15. Qb3 Ba6 16. Rfe1 Rfd8 17. Rad1 Bc4 18. Qb2 b5 19. Rc1 Qa6 20. Rc2 Rd7 21.
Rd1 Rad8 22. Rcd2 Qb6 23. Kf2 f5 24. e5 Qa5 25. h4 Bf8 26. Ng3 Ba3 27. Qb1 Bb4
28. Rb2 Bc5 29. Ne2 Bxe2 30. Kxe2 Bxd4 31. Rxb5 Qa6 32. Bxd4 Rxd4 33. Rxd4 Rxd4
34. Kf2 Rd7 35. Kg3 Qc6 36. Rb8+ Kg7 37. Qb4 Rf7 38. a3 Qd5 39. Rb5 Qd3 40. Rb7
f4+ 41. Kh2 Qf5 42. Rxf7+ Qxf7 43. Qd6 Kh6 44. Qd8 Kg7 45. a4 1/2-1/2

[Event "5. ODEM U25 2008"]
[Site "Willingen GER"]
[Date "2008.05.11"]
[Round "2"]
[White "Schneider, Christian"]
[Black "Billing, Alexander"]
[Result "1/2-1/2"]
[Termination "normal"]
[Board "8"]
[WhiteElo "2097"]
[BlackElo "1875"]
[PlyCount "62"]
[WhiteFideId "24613886"]
[BlackFideId "24624420"]
[EventCountry "GER"]
[EventRounds "9"]
[EventType "swiss"]
[EventDate "2008.05.10"]

1. e4 e6 2. Qe2 c5 3. f4 Nc6 4. Nf3 g6 5. g3 Bg7 6. Bg2 Nge7 7. d3 d6 8. O-O
Nd4 9. Nxd4 Bxd4+ 10. Kh1 Bg7 11. Nc3 O-O 12. Be3 Nc6 13. Qd2 Nd4 14. Nd1 Rb8
15. c3 Nc6 16. e5 Ne7 17. Nf2 b6 18. exd6 Nf5 19. Rad1 Bb7 20. Ne4 Nxd6 21. Qf2
Nxe4 22. dxe4 Qe7 23. Rd2 Rbd8 24. Rfd1 Qc7 25. e5 Bxg2+ 26. Kxg2 Rfe8 27. Qf3
Bf8 28. c4 Rxd2+ 29. Rxd2 Rd8 30. b3 Rxd2+ 31. Bxd2 Qd7 1/2-1/2

[Event "5. ODEM U25 2008"]
[Site "Willingen GER"]
[Date "2008.05.11"]
[Round "2"]
[White "Werner, Patrick"]
[Black "Högy, Kevin"]
[Result "0-1"]
[Termination "normal"]
[Board "9"]
[WhiteElo "1754"]
[BlackElo "2058"]
[PlyCount "40"]
[WhiteFideId "24601608"]
[BlackFideId "24647098"]
[EventCountry "GER"]
[EventRounds "9"]
[EventType "swiss"]
[EventDate "2008.05.10"]

1. d4 d5 2. c4 Nc6 3. Nc3 dxc4 4. e3 e5 5. d5 Nce7 6. Bxc4 Nf6 7. Qb3 Nf5 8.
Nf3 Bd6 9. Bd2 Ne7 10. e4 h6 11. h3 O-O 12. Qc2 c6 13. dxc6 Nxc6 14. a3 Nd4 15.
Nxd4 exd4 16. Ne2 Re8 17. f3 Be6 18. Bxe6 fxe6 19. O-O d3 20. e5 dxc2 0-1

[Event "5. ODEM U25 2008"]
[Site "Willingen GER"]
[Date "2008.05.11"]
[Round "2"]
[White "Gölz, Daniel"]
[Black "Zimmerer, David"]
[Result "1-0"]
[Termination "normal"]
[Board "10"]
[WhiteElo "2015"]
[BlackElo "1808"]
[PlyCount "63"]
[WhiteFideId "24626325"]
[BlackFideId "4620224"]
[EventCountry "GER"]
[EventRounds "9"]
[EventType "swiss"]
[EventDate "2008.05.10"]

1. e4 c5 2. Nc3 Nc6 3. g3 g6 4. d3 Bg7 5. Be3 d6 6. Bg2 e6 7. Qd2 Bd7 8. Nge2
Nd4 9. O-O Ne7 10. Nc1 O-O 11. Nd1 f5 12. c3 Ndc6 13. Bh6 Qb6 14. Bxg7 Kxg7 15.
Ne3 e5 16. Ne2 a5 17. Rfd1 Rad8 18. d4 exd4 19. cxd4 fxe4 20. Bxe4 Nf5 21. Nd5
Qa7 22. dxc5 dxc5 23. Qc3+ Nfd4 24. Rac1 b6 25. Nxd4 Nxd4 26. Rxd4 cxd4 27.
Qxd4+ Kh6 28. Rc7 Qb8 29. g4 Rg8 30. g5+ Kxg5 31. Qe3+ Kh5 32. Nf6+ 1-0

[Event "5. ODEM U25 2008"]
[Site "Willingen GER"]
[Date "2008.05.11"]
[Round "2"]
[White "Wisheckel, Florian"]
[Black "Schätz, Christopher"]
[Result "1/2-1/2"]
[Termination "normal"]
[Board "11"]
[WhiteElo "1749"]
[BlackElo "2033"]
[PlyCount "74"]
[WhiteFideId "24678090"]
[BlackFideId "24623997"]
[EventCountry "GER"]
[EventRounds "9"]
[EventType "swiss"]
[EventDate "2008.05.10"]

1. e4 c5 2. Nf3 d6 3. d4 cxd4 4. Nxd4 Nf6 5. Nc3 Nc6 6. Be3 e5 7. Nf3 Be6 8.
Bb5 Be7 9. O-O O-O 10. Ng5 a6 11. Nxe6 fxe6 12. Bc4 Qd7 13. a4 Na5 14. Ba2 b5
15. Bg5 b4 16. Bxf6 Rxf6 17. Nd5 Rg6 18. Nb6 Qb7 19. Nxa8 Qxa8 20. Qd3 Nb7 21.
Qc4 Nc5 22. f3 Qb8 23. b3 Bg5 24. c3 Be3+ 25. Kh1 bxc3 26. Rae1 Bd2 27. Re2 a5
28. Rd1 Qb4 29. Qxb4 axb4 30. Rexd2 cxd2 31. Rxd2 Nb7 32. Rc2 Rf6 33. Rc4 Rf7
34. Rxb4 Rc7 35. Rc4 Rxc4 36. bxc4 Nc5 37. a5 Kf7 1/2-1/2

[Event "5. ODEM U25 2008"]
[Site "Willingen GER"]
[Date "2008.05.11"]
[Round "2"]
[White "Plank, Michael"]
[Black "Pogan, Nicolas"]
[Result "1/2-1/2"]
[Termination "normal"]
[Board "13"]
[WhiteElo "1741"]
[BlackElo "2003"]
[PlyCount "136"]
[WhiteFideId "4671716"]
[BlackFideId "24673579"]
[EventCountry "GER"]
[EventRounds "9"]
[EventType "swiss"]
[EventDate "2008.05.10"]

1. d4 d5 2. c4 c6 3. Nc3 e5 4. cxd5 cxd5 5. e3 exd4 6. Qxd4 Nf6 7. Nf3 Nc6 8.
Bb5 Be7 9. O-O O-O 10. Bxc6 bxc6 11. b3 c5 12. Qd2 Bb7 13. Bb2 Qc8 14. Ne2 Ne4
15. Qc2 Qf5 16. Rac1 Rac8 17. Ng3 Nxg3 18. hxg3 Qe6 19. Rfd1 Rfd8 20. Qd3 f6
21. Nh4 Ba6 22. Qf5 Qf7 23. Rd2 g6 24. Qf3 c4 25. bxc4 dxc4 26. Rxd8+ Bxd8 27.
Bc3 Bb7 28. Qe2 Be4 29. Nf3 Be7 30. Qb2 Qe6 31. Nd4 Qb6 32. f3 Bd3 33. Qb5 Qxb5
34. Nxb5 a6 35. Nd4 Kf7 36. Nc2 Rb8 37. Ne1 Bb1 38. a4 Rb3 39. Bd4 Bb4 40. Kf2
c3 41. Kf1 f5 42. Nc2 Bd6 43. Ke2 Bxg3 44. Kd3 Bf2 45. Ke2 Bh4 46. Kd3 Bf6 47.
Bxf6 Kxf6 48. Kc4 Ba2 49. Nb4 Rb2+ 50. Nxa2 Rxa2 51. Kxc3 Rxg2 52. Kd3 Ra2 53.
Rc6+ Kg5 54. Rxa6 h5 55. f4+ Kh6 56. a5 h4 57. Ra8 Kh5 58. Rh8+ Kg4 59. Rh6
Rxa5 60. Rxg6+ Kf3 61. Rh6 Kg3 62. Rg6+ Kh2 63. Ke2 h3 64. Rg8 Ra2+ 65. Kf1 Rg2
66. Rg5 Rg3 67. Kf2 Rg2+ 68. Kf1 Rg1+ 1/2-1/2

[Event "5. ODEM U25 2008"]
[Site "Willingen GER"]
[Date "2008.05.11"]
[Round "2"]
[White "Stahnecker, Wieland"]
[Black "Kunze, Christopher"]
[Result "0-1"]
[Termination "normal"]
[Board "14"]
[WhiteElo "1733"]
[BlackElo "1942"]
[PlyCount "130"]
[WhiteFideId "4694481"]
[BlackFideId "4647998"]
[EventCountry "GER"]
[EventRounds "9"]
[EventType "swiss"]
[EventDate "2008.05.10"]

1. e4 d5 2. exd5 Qxd5 3. Nc3 Qd6 4. d4 Nf6 5. Bd3 a6 6. Nge2 Nc6 7. f4 g6 8. h3
Bg7 9. Be3 Nb4 10. O-O Nxd3 11. Qxd3 Bd7 12. Ng3 e6 13. Rfd1 O-O 14. Nce4 Nxe4
15. Nxe4 Qe7 16. c3 Bc6 17. Bd2 Rad8 18. Qe3 Rfe8 19. Re1 Qd7 20. Re2 Re7 21.
Rae1 Rde8 22. Qg3 f6 23. Nc5 Qd5 24. a3 Bb5 25. Re3 e5 26. fxe5 fxe5 27. Qg5
Rf7 28. Nd3 Bxd3 29. Rxd3 Qb5 30. Rde3 Qxb2 31. Bc1 Qf2+ 32. Kh1 Rf5 33. Qg4
Qc2 34. dxe5 Rexe5 35. Qc4+ Kh8 36. Qxc7 Rxe3 37. Bxe3 Qxc3 38. Qxc3 Bxc3 39.
Rc1 Be5 40. Bh6 Kg8 41. g4 Rf6 42. Re1 Bd6 43. Kg2 Kf7 44. Bg5 Re6 45. Rd1 b5
46. Rd3 Ke8 47. Rc3 Kd7 48. Rf3 h5 49. gxh5 gxh5 50. Rf7+ Kc6 51. Rh7 Bxa3 52.
Rxh5 a5 53. Bf4 Bb2 54. Rh7 a4 55. Rc7+ Kb6 56. Rc2 a3 57. Bc1 Bxc1 58. Rxc1 b4
59. Ra1 Kb5 60. h4 Ka4 61. Kg3 b3 62. h5 a2 63. Rf1 b2 64. Rf4+ Kb5 65. Rf5+
Kc6 0-1

[Event "5. ODEM U25 2008"]
[Site "Willingen GER"]
[Date "2008.05.11"]
[Round "2"]
[White "Wurm, Alexander"]
[Black "Melzer, Marcel"]
[Result "1-0"]
[Termination "normal"]
[Board "15"]
[WhiteElo "2068"]
[BlackElo "1745"]
[PlyCount "115"]
[WhiteFideId "24637246"]
[BlackFideId "24671886"]
[EventCountry "GER"]
[EventRounds "9"]
[EventType "swiss"]
[EventDate "2008.05.10"]

1. d4 d5 2. c4 c6 3. Nf3 Nf6 4. Nc3 Bf5 5. e3 e6 6. Bd3 Bxd3 7. Qxd3 Nbd7 8.
O-O Be7 9. e4 dxe4 10. Nxe4 Nxe4 11. Qxe4 Nf6 12. Qe3 O-O 13. b3 Qc7 14. Bb2
Bd6 15. g3 Rfe8 16. Ne5 c5 17. Rfd1 Rad8 18. Rd3 cxd4 19. Bxd4 Bxe5 20. Bxe5
Rxd3 21. Bxc7 Rxe3 22. fxe3 Re7 23. Rd1 Rd7 24. Rxd7 Nxd7 25. Kf2 Nc5 26. Ke2
f6 27. b4 Ne4 28. Kd3 f5 29. Kd4 Kf7 30. a4 Ke7 31. b5 g5 32. c5 Kd7 33. Bb8 a6
34. Ba7 Nd2 35. h3 Nf3+ 36. Kc4 h5 37. Bb8 h4 38. gxh4 gxh4 39. Bf4 Ng1 40. Bg5
Nf3 41. Bf6 Nd2+ 42. Kb4 a5+ 43. Kxa5 Nc4+ 44. Kb4 Nxe3 45. Bxh4 e5 46. Bf2
Nd5+ 47. Kc4 Nf6 48. h4 f4 49. a5 e4 50. Kd4 e3 51. Bxe3 fxe3 52. Kxe3 Nd5+ 53.
Kd4 Nc7 54. Kc4 Ke6 55. h5 Kf5 56. h6 Kg6 57. c6 bxc6 58. bxc6 1-0

[Event "5. ODEM U25 2008"]
[Site "Willingen GER"]
[Date "2008.05.11"]
[Round "2"]
[White "Neitzel, Mirko"]
[Black "Schäfer, Alexander"]
[Result "0-1"]
[Termination "normal"]
[Board "16"]
[WhiteElo "1720"]
[BlackElo "1957"]
[PlyCount "66"]
[WhiteFideId "24657298"]
[BlackFideId "24615196"]
[EventCountry "GER"]
[EventRounds "9"]
[EventType "swiss"]
[EventDate "2008.05.10"]

1. e4 c5 2. Nf3 Nc6 3. d4 cxd4 4. Nxd4 Nf6 5. Nc3 d6 6. Bg5 e6 7. Qd2 Be7 8.
O-O-O a6 9. f4 h6 10. Bxf6 gxf6 11. Be2 Qc7 12. Bh5 Nxd4 13. Qxd4 Qc5 14. f5
Qxd4 15. Rxd4 O-O 16. Na4 b5 17. Nb6 Ra7 18. Nxc8 Rxc8 19. fxe6 fxe6 20. Bg4
Kf7 21. Bh5+ Kg7 22. Bg4 Rac7 23. c3 e5 24. Bxc8 exd4 25. Bxa6 dxc3 26. Bxb5 f5
27. exf5 c2 28. h4 d5 29. Bd3 d4 30. a3 Bd6 31. Rf1 Bg3 32. f6+ Kf8 33. Kd2
Bf4+ 0-1

[Event "5. ODEM U25 2008"]
[Site "Willingen GER"]
[Date "2008.05.11"]
[Round "2"]
[White "Ludwig, Jan"]
[Black "Bergner, Philipp"]
[Result "1-0"]
[Termination "normal"]
[Board "17"]
[WhiteElo "1957"]
[BlackElo "1749"]
[PlyCount "61"]
[WhiteFideId "24643289"]
[BlackFideId "24664839"]
[EventCountry "GER"]
[EventRounds "9"]
[EventType "swiss"]
[EventDate "2008.05.10"]

1. e4 c5 2. Nf3 d6 3. d4 cxd4 4. Nxd4 Nf6 5. Nc3 a6 6. Bg5 e6 7. f4 Qc7 8. Qf3
b5 9. O-O-O Bb7 10. Bxf6 gxf6 11. Qh5 Qe7 12. f5 Nc6 13. Nxe6 Nd8 14. Nf4 Qe5
15. Ncd5 Rc8 16. Qh4 Bg7 17. Nh5 Kf8 18. Nxg7 Kxg7 19. Rd3 Bxd5 20. Rxd5 Qe7
21. Qg3+ Kf8 22. Qxd6 Ke8 23. Bd3 Qxd6 24. Rxd6 Rc6 25. Rxc6 Nxc6 26. a4 Ne5
27. axb5 Nxd3+ 28. cxd3 axb5 29. Kd2 Ke7 30. Ra1 Rg8 31. g3 1-0

[Event "5. ODEM U25 2008"]
[Site "Willingen GER"]
[Date "2008.05.11"]
[Round "2"]
[White "Ohnesorg, Felix"]
[Black "Hinz, Arne"]
[Result "0-1"]
[Termination "normal"]
[Board "18"]
[WhiteElo "1711"]
[BlackElo "1965"]
[PlyCount "78"]
[WhiteFideId "24653578"]
[BlackFideId "24634875"]
[EventCountry "GER"]
[EventRounds "9"]
[EventType "swiss"]
[EventDate "2008.05.10"]

1. d4 Nf6 2. c4 g6 3. Nc3 Bg7 4. Nf3 d6 5. Bf4 Nh5 6. Bg3 Nd7 7. e3 O-O 8. Be2
Nxg3 9. hxg3 e5 10. Qd2 Re8 11. O-O-O e4 12. Ne1 Nf6 13. Nc2 c6 14. Rh2 a6 15.
Rdh1 Rb8 16. g4 h6 17. Qd1 b5 18. Rxh6 Bxh6 19. Rxh6 Kg7 20. g5 Ng8 21. Qh1
Nxh6 22. Qxh6+ Kg8 23. Nb4 Bb7 24. f3 d5 25. fxe4 dxe4 26. d5 c5 27. Nc6 Bxc6
28. dxc6 Re5 29. cxb5 axb5 30. Nxb5 Qa5 31. c7 Qe1+ 32. Bd1 Qxe3+ 33. Kb1 Qd3+
34. Kc1 Rc8 35. a4 e3 36. Qh3 Qd2+ 37. Kb1 Qxd1+ 38. Ka2 Qd5+ 39. Ka3 Qe6 0-1

[Event "5. ODEM U25 2008"]
[Site "Willingen GER"]
[Date "2008.05.11"]
[Round "2"]
[White "Roitzsch, Philippe"]
[Black "Thanabalasingam, Ajandhan"]
[Result "0-1"]
[Termination "normal"]
[Board "19"]
[WhiteElo "1971"]
[BlackElo "1723"]
[PlyCount "56"]
[WhiteFideId "24635529"]
[BlackFideId "24601659"]
[EventCountry "GER"]
[EventRounds "9"]
[EventType "swiss"]
[EventDate "2008.05.10"]

1. e4 c5 2. c3 d5 3. exd5 Qxd5 4. d4 g6 5. Nf3 Bg7 6. Be3 cxd4 7. cxd4 Nc6 8.
Nc3 Qa5 9. Bc4 Nh6 10. O-O O-O 11. d5 Qb4 12. Qe2 Na5 13. Bd3 Bg4 14. Rad1 Bxf3
15. gxf3 b6 16. a3 Qh4 17. Ne4 f5 18. Nc3 Be5 19. f4 Ng4 20. f3 Nxe3 21. Qxe3
Bxf4 22. Qe6+ Kh8 23. Rf2 Bd6 24. b4 Nc4 25. Nb5 Rf6 26. Qe2 Ne5 27. Nxd6 exd6
28. Rc1 Qg5+ 0-1

[Event "5. ODEM U25 2008"]
[Site "Willingen GER"]
[Date "2008.05.11"]
[Round "2"]
[White "Durmisi, Valon"]
[Black "Kunz, André"]
[Result "0-1"]
[Termination "normal"]
[Board "20"]
[WhiteElo "1689"]
[BlackElo "1915"]
[PlyCount "136"]
[BlackFideId "24623652"]
[EventCountry "GER"]
[EventRounds "9"]
[EventType "swiss"]
[EventDate "2008.05.10"]

1. e4 c5 2. c3 d5 3. e5 Bf5 4. d4 e6 5. f4 Nc6 6. Nf3 Qb6 7. Qa4 Be7 8. Na3 h5
9. Nb5 Nh6 10. Be2 O-O 11. dxc5 Bxc5 12. Nfd4 Bg6 13. f5 Nxf5 14. Nxf5 Bf2+ 15.
Kf1 exf5 16. Qf4 Bc5 17. b4 Be7 18. Be3 Qd8 19. Rd1 a5 20. e6 fxe6 21. Qf2 axb4
22. Bb6 Qd7 23. c4 Rxa2 24. cxd5 exd5 25. Nc7 Bf7 26. Qf3 Ne5 27. Qf4 Ng6 28.
Qd4 Bd8 29. Bb5 Qd6 30. Nxd5 Bxd5 31. Bc4 Qf4+ 32. Qxf4 Nxf4 33. Bxa2 Bxb6 34.
Bxd5+ Nxd5 35. Rxd5 Rc8 36. Ke2 Rc2+ 37. Kd3 Rc3+ 38. Kd2 Be3+ 39. Ke2 f4 40.
g3 b3 41. gxf4 Bxf4 42. Rxh5 b2 43. Rb1 Rb3 44. Kd1 Bc1 45. Kc2 Rb6 46. Rh3 Kf7
47. Rf3+ Kg8 48. Rg3 g6 49. Rg2 Kh7 50. Rg3 Rb5 51. h3 Kh6 52. Rg4 Kh5 53. Rc4
Kh6 54. Rg4 Rh5 55. Rg3 Rh4 56. Ra3 b5 57. Kd1 Rf4 58. Ke2 Kh5 59. Rb3 b4 60.
Rg3 g5 61. Kd3 Kh4 62. Rg1 Rf3+ 63. Kc4 b3 64. Rg4+ Kh5 65. Kd5 Rxh3 66. Rc4
Re3 67. Rc8 Kh4 68. Rh8+ Kg3 0-1

[Event "5. ODEM U25 2008"]
[Site "Willingen GER"]
[Date "2008.05.11"]
[Round "2"]
[White "Arps, Jan-Philipp"]
[Black "Müller, Johannes"]
[Result "1-0"]
[Termination "normal"]
[Board "21"]
[WhiteElo "2027"]
[BlackElo "1719"]
[PlyCount "63"]
[WhiteFideId "24645680"]
[BlackFideId "24602191"]
[EventCountry "GER"]
[EventRounds "9"]
[EventType "swiss"]
[EventDate "2008.05.10"]

1. e4 c6 2. d4 d5 3. e5 Bf5 4. Nc3 e6 5. g4 Bg6 6. Nge2 Nd7 7. h4 h5 8. Nf4 Ne7
9. gxh5 Bf5 10. Be2 Qb6 11. Na4 Qa5+ 12. c3 O-O-O 13. b4 Qc7 14. Bd3 Nb6 15.
Nb2 Bxd3 16. Qxd3 Nf5 17. a4 Be7 18. a5 Nd7 19. Be3 Bxh4 20. Na4 Rdg8 21. Rg1
b6 22. axb6 Nxb6 23. Nc5 Nc4 24. Bc1 Be7 25. Nfxe6 fxe6 26. Nxe6 Qd7 27. Qxf5
Rf8 28. Qg4 Rf7 29. Nxg7 Qxg4 30. Rxg4 Rhf8 31. Ne6 Rh8 32. Rxa7 1-0

[Event "5. ODEM U25 2008"]
[Site "Willingen GER"]
[Date "2008.05.11"]
[Round "2"]
[White "Zahn, Benno"]
[Black "Koksch, Florian"]
[Result "1-0"]
[Termination "normal"]
[Board "22"]
[WhiteElo "1798"]
[BlackElo "1866"]
[PlyCount "27"]
[WhiteFideId "24636070"]
[BlackFideId "24613584"]
[EventCountry "GER"]
[EventRounds "9"]
[EventType "swiss"]
[EventDate "2008.05.10"]

1. Nf3 d5 2. d4 e6 3. c4 Nf6 4. Nc3 c5 5. cxd5 exd5 6. Bg5 Be6 7. e3 Nc6 8. Qa4
a6 9. dxc5 Bxc5 10. Ne5 b5 11. Bxb5 axb5 12. Qxb5 O-O 13. Nxc6 Qd6 14. Bf4 1-0

[Event "5. ODEM U25 2008"]
[Site "Willingen GER"]
[Date "2008.05.11"]
[Round "2"]
[White "Gerntke, Oliver"]
[Black "Kyas, Marcel"]
[Result "0-1"]
[Termination "normal"]
[Board "23"]
[WhiteElo "1796"]
[BlackElo "1986"]
[PlyCount "68"]
[WhiteFideId "24647977"]
[BlackFideId "24642037"]
[EventCountry "GER"]
[EventRounds "9"]
[EventType "swiss"]
[EventDate "2008.05.10"]

1. d4 d5 2. c4 c6 3. Nf3 Nf6 4. Bf4 e6 5. e3 Nbd7 6. Nc3 Be7 7. Qc2 O-O 8. c5
b6 9. Ne5 Bb7 10. b4 a5 11. Rb1 axb4 12. Rxb4 Qc8 13. Qb1 Ba6 14. Nxd7 Nxd7 15.
Bxa6 Rxa6 16. Ra4 bxc5 17. O-O Rxa4 18. Nxa4 cxd4 19. exd4 Qa6 20. Qc2 Ra8 21.
Nc3 Qc4 22. Be3 Bb4 23. Rc1 Nb6 24. h3 Bxc3 25. Qxc3 Rxa2 26. Qxc4 Nxc4 27. Rb1
h6 28. Rb8+ Kh7 29. Rf8 Kg6 30. Rc8 Nxe3 31. fxe3 Re2 32. Rxc6 Rxe3 33. Ra6 Re4
34. Ra4 f6 0-1

[Event "5. ODEM U25 2008"]
[Site "Willingen GER"]
[Date "2008.05.11"]
[Round "2"]
[White "Sieker, Roland"]
[Black "Laqua, Stefan"]
[Result "1-0"]
[Termination "normal"]
[Board "24"]
[WhiteElo "2047"]
[BlackElo "1684"]
[PlyCount "49"]
[WhiteFideId "24600261"]
[BlackFideId "4674634"]
[EventCountry "GER"]
[EventRounds "9"]
[EventType "swiss"]
[EventDate "2008.05.10"]

1. e4 e6 2. d3 d5 3. Nd2 c5 4. Be2 Nc6 5. c3 Bd6 6. Ngf3 Qb6 7. O-O Nge7 8. Re1
O-O 9. Qb3 Qc7 10. Nf1 d4 11. N1d2 Ng6 12. Nc4 Nge5 13. cxd4 Nxf3+ 14. Bxf3
Nxd4 15. Qd1 Bxh2+ 16. Kh1 Be5 17. g3 Nxf3 18. Qxf3 Rd8 19. Bd2 Bd4 20. Kg2 b6
21. Rh1 f5 22. Bg5 Rf8 23. Rxh7 fxe4 24. Qh5 Rxf2+ 25. Kh1 1-0

[Event "5. ODEM U25 2008"]
[Site "Willingen GER"]
[Date "2008.05.11"]
[Round "2"]
[White "Paulus, Jeffrey"]
[Black "Weißbeck, Simon"]
[Result "1/2-1/2"]
[Termination "normal"]
[Board "25"]
[WhiteElo "1674"]
[BlackElo "1831"]
[PlyCount "112"]
[WhiteFideId "24692468"]
[BlackFideId "24646865"]
[EventCountry "GER"]
[EventRounds "9"]
[EventType "swiss"]
[EventDate "2008.05.10"]

1. Nf3 Nf6 2. g3 g6 3. Bg2 Bg7 4. d4 O-O 5. O-O d5 6. Bf4 Nbd7 7. Nbd2 c6 8.
Re1 Nh5 9. e3 Nxf4 10. exf4 e6 11. c3 c5 12. dxc5 Nxc5 13. Nf1 Bd7 14. Nd4 Qb6
15. Rb1 Bb5 16. Nxb5 Qxb5 17. Ne3 Rfd8 18. Bf1 Qb6 19. Qe2 a6 20. Nc2 Rac8 21.
Red1 Ne4 22. Nd4 Qa5 23. f3 Nd6 24. a3 Qb6 25. Kh1 Bxd4 26. Rxd4 Nf5 27. Rb4
Qc6 28. g4 Nd6 29. Qe5 Nc4 30. Qd4 b5 31. a4 Qc5 32. Qxc5 Rxc5 33. Bxc4 dxc4
34. Kg2 Rd2+ 35. Kg3 Rd3 36. Rc1 Kg7 37. Rc2 Rdd5 38. axb5 axb5 39. b3 cxb3 40.
Rxb3 Rc4 41. Rcb2 Rdc5 42. Rxb5 Rxb5 43. Rxb5 Rxc3 44. g5 Rd3 45. Rb7 Rd5 46.
Ra7 Rf5 47. Rb7 e5 48. fxe5 Rxe5 49. h4 Rf5 50. Re7 h6 51. gxh6+ Kxh6 52. Ra7
Kg7 53. Kg4 Re5 54. Ra6 Rb5 55. Rc6 Rb4+ 56. Kg3 Rb5 1/2-1/2

[Event "5. ODEM U25 2008"]
[Site "Willingen GER"]
[Date "2008.05.11"]
[Round "2"]
[White "Wenninger, Philipp"]
[Black "Drewes, Carina"]
[Result "1/2-1/2"]
[Termination "normal"]
[Board "26"]
[WhiteElo "1868"]
[BlackElo "1676"]
[PlyCount "77"]
[WhiteFideId "4648404"]
[BlackFideId "24600296"]
[EventCountry "GER"]
[EventRounds "9"]
[EventType "swiss"]
[EventDate "2008.05.10"]

1. e4 e5 2. d4 exd4 3. c3 dxc3 4. Bc4 Nc6 5. Nxc3 d6 6. f4 Nf6 7. Nf3 Bg4 8.
O-O Be7 9. Qb3 O-O 10. Qxb7 Na5 11. Qa6 Nxc4 12. Qxc4 h6 13. Nd4 Qd7 14. e5 Nh7
15. h3 Be6 16. Nxe6 fxe6 17. f5 d5 18. fxe6 Qxe6 19. Rxf8+ Bxf8 20. Qxd5 Re8
21. Bf4 g5 22. Bg3 Bg7 23. Rd1 Nf8 24. Qxe6+ Rxe6 25. Rd5 a6 26. Rc5 Nd7 27.
Rxc7 Nxe5 28. Rb7 Nd3 29. Rb8+ Kh7 30. Rb7 Nxb2 31. Nd5 Kh8 32. Rb8+ Kh7 33.
Rb7 Kh8 34. Nc7 Rc6 35. Kh2 Nc4 36. Nd5 a5 37. Ne7 Rb6 38. Rc7 Ne3 39. Rc8+
1/2-1/2

[Event "5. ODEM U25 2008"]
[Site "Willingen GER"]
[Date "2008.05.11"]
[Round "2"]
[White "George, Tom"]
[Black "Schwarzat, Julian"]
[Result "1/2-1/2"]
[Termination "normal"]
[Board "27"]
[WhiteElo "1669"]
[BlackElo "1963"]
[PlyCount "47"]
[WhiteFideId "24659487"]
[BlackFideId "24675857"]
[EventCountry "GER"]
[EventRounds "9"]
[EventType "swiss"]
[EventDate "2008.05.10"]

1. e4 e6 2. d4 d5 3. Nc3 dxe4 4. Nxe4 Nd7 5. Bd3 Ngf6 6. c3 Nxe4 7. Bxe4 Nf6 8.
Bd3 Be7 9. Nf3 O-O 10. O-O b6 11. Ne5 Bb7 12. Bg5 h6 13. Bxf6 Bxf6 14. Qc2 Bxe5
15. dxe5 Qd5 16. f4 Rad8 17. Rad1 Qc5+ 18. Qf2 Qxf2+ 19. Rxf2 Be4 20. Rfd2 Bxd3
21. Rxd3 Rxd3 22. Rxd3 Rc8 23. Kf2 Kf8 24. Ke3 1/2-1/2

[Event "5. ODEM U25 2008"]
[Site "Willingen GER"]
[Date "2008.05.11"]
[Round "2"]
[White "Elser, Niklas"]
[Black "Münch, Marlene"]
[Result "1/2-1/2"]
[Termination "normal"]
[Board "28"]
[WhiteElo "1858"]
[BlackElo "1674"]
[PlyCount "104"]
[WhiteFideId "24634573"]
[BlackFideId "24639222"]
[EventCountry "GER"]
[EventRounds "9"]
[EventType "swiss"]
[EventDate "2008.05.10"]

1. e4 e6 2. d4 d5 3. exd5 exd5 4. c4 Nf6 5. Nf3 Bg4 6. Be3 c6 7. Nc3 Qb6 8. Qb3
Qxb3 9. axb3 Bxf3 10. gxf3 Bd6 11. c5 Bc7 12. b4 Nbd7 13. b5 O-O 14. Bh3 Rfe8
15. Kd2 Nf8 16. Bf5 Ng6 17. h4 Ne7 18. Bd3 Nh5 19. Rag1 Ng6 20. Bf5 Rad8 21.
Rg5 Nhf4 22. h5 Ne7 23. Bc2 Ne6 24. Rg2 Nxc5 25. Bh6 Ne6 26. Bxg7 Nxg7 27. h6
Bf4+ 28. Kd1 Ng6 29. hxg7 Kxg7 30. Ne2 Bd6 31. bxc6 bxc6 32. f4 Kf6 33. Rxh7
Nxf4 34. Nxf4 Bxf4 35. Rh5 Ke7 36. Rf5 Bh6 37. Rh2 Rh8 38. Ba4 Ke6 39. Re5+ Kd6
40. Rf5 Bg7 41. Rg2 Bxd4 42. Rxf7 Rdg8 43. Rxg8 Rxg8 44. b3 Rg6 45. Ke2 Rf6 46.
Rxf6+ Bxf6 47. Kd3 c5 48. f3 Kc7 49. Be8 Kb6 50. Bf7 d4 51. Kc4 a6 52. Bg6 Bg7
1/2-1/2

[Event "5. ODEM U25 2008"]
[Site "Willingen GER"]
[Date "2008.05.11"]
[Round "2"]
[White "Schneider, Johannes"]
[Black "Reichert, Manuel"]
[Result "1/2-1/2"]
[Termination "normal"]
[Board "29"]
[WhiteElo "1645"]
[BlackElo "1946"]
[PlyCount "113"]
[WhiteFideId "24687260"]
[BlackFideId "24674028"]
[EventCountry "GER"]
[EventRounds "9"]
[EventType "swiss"]
[EventDate "2008.05.10"]

1. d4 Nf6 2. c4 g6 3. Nc3 d5 4. cxd5 Nxd5 5. e4 Nxc3 6. bxc3 Bg7 7. Be3 c5 8.
Bb5+ Bd7 9. Bxd7+ Qxd7 10. Ne2 cxd4 11. cxd4 Nc6 12. O-O O-O 13. Rb1 Rfd8 14.
d5 Na5 15. Rc1 b5 16. Bf4 Nc4 17. Qb3 a6 18. a4 e6 19. axb5 axb5 20. dxe6 fxe6
21. Bg5 Rdc8 22. Rfd1 Qc6 23. Nc3 Ra3 24. Qb4 Rxc3 25. Rxc3 Bxc3 26. Qxc3 Qxe4
27. Bh6 e5 28. Re1 Qd5 29. f4 Qd4+ 30. Qxd4 exd4 31. Re7 d3 32. Rg7+ Kh8 33.
Rd7 d2 34. Bg7+ Kg8 35. Bc3 Rb8 36. Bxd2 Nxd2 37. Rxd2 b4 38. Rb2 b3 39. Kf2
Kf7 40. Kf3 Ke6 41. Ke2 Kd5 42. Kd3 h5 43. g3 Kc5 44. Kc3 Rb7 45. Rxb3 Rxb3+
46. Kxb3 Kd4 47. Kc2 Ke3 48. Kc3 Kf3 49. Kd3 Kg2 50. Ke2 Kxh2 51. Kf2 Kh3 52.
Kf3 Kh2 53. g4 hxg4+ 54. Kxg4 Kg2 55. Kg5 Kf3 56. f5 gxf5 57. Kxf5 1/2-1/2

[Event "5. ODEM U25 2008"]
[Site "Willingen GER"]
[Date "2008.05.11"]
[Round "2"]
[White "Huhnstock, Rico"]
[Black "Häcker, Katrin"]
[Result "1-0"]
[Termination "normal"]
[Board "30"]
[WhiteElo "1880"]
[BlackElo "1663"]
[PlyCount "57"]
[WhiteFideId "24642932"]
[BlackFideId "24667986"]
[EventCountry "GER"]
[EventRounds "9"]
[EventType "swiss"]
[EventDate "2008.05.10"]

1. e4 e5 2. Nf3 Nc6 3. Bc4 Bc5 4. c3 Nf6 5. d4 exd4 6. cxd4 Bb4+ 7. Bd2 Bxd2+
8. Nbxd2 d5 9. exd5 Nxd5 10. O-O O-O 11. Ne5 Nxd4 12. Nb3 Nxb3 13. Bxd5 Nxa1
14. Bxf7+ Kh8 15. Qh5 h6 16. Rd1 Bg4 17. Qxg4 Qf6 18. Ng6+ Kh7 19. Nxf8+ Rxf8
20. Bc4 Qxf2+ 21. Kh1 Nc2 22. Bd3+ Kh8 23. Qg6 Kg8 24. Qh7+ Kf7 25. Rf1 Qxf1+
26. Bxf1 Nd4 27. Bc4+ Kf6 28. Qe4 Nc6 29. Qf4+ 1-0